| 000 | 00671nam a22001217a 4500 | ||
|---|---|---|---|
| 040 | _cRUA | ||
| 082 | _aLMA LON 2014 B467 Or.1 | ||
| 100 | _aLONG BORATH; ឡុុង បូរ៉ាត់ | ||
| 245 | _aLand use planning on agro-industry to support on commune land use planning, ការរៀបចំផែនការប្រើប្រាស់ដីកសិឧស្សាហកម្មដើម្បីគាំទ្រដល់ផែនការប្រើប្រាស់ដីឃុំសង្កាត់ | ||
| 300 |
_ax,46p. _bill. _c29cm. |
||
| 856 | _uhttps://drive.google.com/file/d/1qy19EqY4Vhhand_PDsNmWyqWbAhzknhG/view?usp=sharing | ||
| 942 | _cLMA | ||
| 999 |
_c7463 _d7463 |
||